| 000 | nam a22 a 4500 | ||
|---|---|---|---|
| 999 |
_c2634 _d2634 |
||
| 005 | 20170517123129.0 | ||
| 008 | 170517b1984 hk ||||| |||| 00| 0 eng d | ||
| 020 | _a0701816716 | ||
| 040 | _aAKMAL | ||
| 082 | _a617.1027 MIR | ||
| 090 |
_a617.1027 _bMIR |
||
| 100 |
_aG. MIRKIN _95511 |
||
| 245 |
_aThe Sportmedicine Book / _cG. Mirkin |
||
| 260 |
_aHong Kong _bLansdowne |
||
| 300 |
_a203p. _ccm |
||
| 942 |
_2ddc _cBOOK |
||